Quiz o Łańcucie - Statystyki

Ogólne statystyki
  • Ten quiz został rozwiązany 11 razy
  • Średni wynik to 11 z 15
Statystyki odpowiedzi
Wskazówka Odpowiedź % Poprawnych
W skład tego rozbioru wchodziło miasto Austriacki
100%
Województwo w którym leży miasto Podkarpackie
100%
Województwo w którym leżało miasta w 1998 roku Rzeszowskie
100%
Inne państwo położone najbliżej miasta Ukraina
100%
Autostrada która przebiega przez teren miasta A4
91%
Te rody posiadały najsłynniejszy zabytek w mieście - Zamek Lubomirscy | Potoccy
91%
Rejestracja samochodowa używana w powiecie łańcuckim RLA
91%
Wiek w którym miasto otrzymało prawa miejskie XIV
82%
Na tym prawie lokacyjnym został założony Łańcut Prawo magdeburskie
73%
Największa rzeka w której dolinie położony jest Łańcut Wisłok
73%
Klub piłkarski z Łańcuta obecnie występujący w IV lidze Stal Łańcut
64%
Przez tego króla miasto zostało założone Kazimierz III Wielki
45%
Klub koszykarski z miasta który w sezonie 2024/25 zajął 3 miejsce w 1 lidze Sokół Łańcut
36%
Od tego bawarskiego miasta z którego przybyli osadnicy, pochodzi nazwa Łańcuta Landshut
18%
Pod wezwaniem tego świętego jest dawny kościół farny w Łańcucie Św. Stanisław ze Szczepanowa
18%
Nie znaleziono quizów pasujących do podanych kryteriów
Rozkład punktacji
Procent ludzi z każdym wynikiem
Percentyl według liczby udzielonych odpowiedzi
Twoja historia wyników
Nie rozwiązałeś tego quizu